000 01017naa a22002777a 4500
001 BR8903321
003 BR-BrBNA
005 20240918180505.0
007 ta
008 230509b bl.||||| |||| 00| 0 por d
040 _aBR-BrBNA
_bpor
_cBiblioteca Nacional de Agricultura
041 _a(Pt)
072 _aF03
_b0150
_b3575
090 _aF03 BR8903321
100 1 _aPedroso, A.
111 1 _a17. Reuniao da Cultura do Arroz Irrigado
_cPelotas, RS (Brazil)
_d26-30 Sep 1988
245 1 _aEfeito de metodos de selecao na qualidade da semente de arroz (Oryza sativa L.)irrigado
260 3 _aPelotas, RS (Brasil):
_c1988.
500 _a17. Reuniao da Cultura do Arroz Irrigado. Anais Pelotas, RS (Brasil): 1988. p. 381-385 (BR8903321-AM)F03
650 _aARROZ IRRIGADO
650 _aSEMENTE
650 _aPODER GERMINATIVO
773 0 _t17. Reuniao da Cultura do Arroz Irrigado. Anais
_wF03 BR8903321
_gPelotas, RS (Brasil), 1988. p. 381-385
909 _a202404
_bLucia
_c55
_dLucia Elande
942 _cAM
_2AGRIS
999 _c320651
_d320651